000 00460nam a2200181Ia 4500
005 20250120012126.0
008 240331s9999 xx 000 0 und d
020 _a0195639154
082 _bVIS
_22298
_a305.3
100 _aVisweswaran, K
245 0 _aFictions of Feminist Ethnography
260 _aDelhi
_bOxford University Press
_c1996
300 _axii, 205 p., (C II)
650 _aFeminism
650 _aEthnography
650 _aFIction
942 _cL
999 _c1615
_d1615